| 000 | 00836nam a2200325Ia 4500 | ||
|---|---|---|---|
| 001 | 4317 | ||
| 005 | 20240113233728.0 | ||
| 007 | ta | ||
| 008 | 050610s1989 g b000 u asm u | ||
| 020 | _cPB | ||
| 040 | _aCotton College,Assam | ||
| 041 | _aasm | ||
| 082 |
_a891.4109 _bDa 26 Sh |
||
| 100 | _aDas, Narayan . | ||
| 245 | 0 |
_aSankari Sahityar Bhumika / _cNarayan Das. _hTextual Documents |
|
| 250 | _arev. ed. / | ||
| 260 |
_aGuwahati : _bBina Library , _c1989. |
||
| 300 |
_a258p. ; _c22cm. |
||
| 504 | _aIndex | ||
| 653 | _aAssamese Literature-Criticism | ||
| 653 | _aAssamese Essays-Criticism | ||
| 653 | _aMS-Assamese | ||
| 653 | _aPG-Assamese | ||
| 653 | _aAssamese Literature-Sankari | ||
| 942 |
_2ddc _cBK |
||
| 999 |
_c4304 _d4304 |
||